000 00476nam a2200193Ia 4500
003 0100
008 130303s9999 xx 000 0 und d
040 _cARRUPELIB
050 _aBX1753.J62 1992
100 _aJohn, Paul 11
245 _aencyclical letter of John Paul 11
245 _bon the hundredth anniversary of Rerum novarum
260 _aBoston
260 _bSt. Paul Books and Media
260 _C1991
300 _a90p.
300 _b 19cm.
942 0 0 _01
999 _c10223
_d10223